00766cpcaa2200253 4500001001300000003000400013005001700017008004100034010001700075040002400092072001200116111003600128245005600164300001300220300001800233300002200251506002200273520005600295533002500351546003600376610002800412651005500440999001700495mm 82082594 DLC20260227111717.0820519|||||||||||| eng  amm 82082594  aDLCcDLCedacsdDLC 7aN2lcmd2 aDemocratic National Convention.00aDemocratic National Convention records,f1840-1860. a1fitem. a1fcontainer. a0.2flinear feet.0 aOpen to research.8 aTypescript of proceedings for 1840, 1844, and 1860. aTypescript.b[S.l.]. aCollection material in English.20aDemocratic Party (U.S.) 0aUnited StatesxPolitics and governmenty1815-1861. c43750d43750